|
|
|
|
| LEADER |
01679nam a22003137a 4500 |
| 001 |
44262 |
| 003 |
BD-DhAAL |
| 005 |
20250410104927.0 |
| 008 |
250410t2024 sz a|||| b||| 001 0 eng d |
| 020 |
|
|
|a 9783031454677
|
| 020 |
|
|
|a 9783031454684
|c eBook
|
| 040 |
|
|
|a BD-DhAAL
|c BD-DhAAL
|
| 082 |
|
|
|a 006.31
|2 23
|
| 100 |
|
|
|a Bishop, Christopher M.
|9 58010
|
| 245 |
|
|
|a Deep learning :
|b foundations and concepts /
|c Christopher M. Bishop, Hugh Bishop.
|
| 246 |
|
|
|a Deep learning
|
| 260 |
|
|
|a Cham, Switzerland :
|b Springer,
|c 2024.
|
| 300 |
|
|
|a xx, 649 pages :
|b illustrations ;
|c 26 cm
|
| 504 |
|
|
|a Includes bibliographical references and index.
|
| 526 |
|
|
|a CSE
|x Sowmitra Das,
Lecturer
Department of Computer Science
Course Name and No. : Machine Learning (CSE 427)
|
| 541 |
|
|
|a Book Finder International
|e 44262, 44263
|
| 650 |
|
|
|a Deep learning (Machine learning).
|9 58011
|
| 650 |
|
|
|a Computer science.
|
| 700 |
|
|
|a Bishop, Hugh.
|9 56938
|
| 852 |
|
|
|a Ayesha Abed Library
|c General Stacks
|
| 942 |
|
|
|c BK
|2 ddc
|
| 999 |
|
|
|c 47006
|d 47006
|
| 952 |
|
|
|0 0
|1 0
|2 ddc
|4 0
|6 006_310000000000000_BIS
|7 0
|9 77514
|a BRACUL
|b BRACUL
|c GEN
|d 2025-03-20
|e Book Finder International
|g 6388.00
|l 2
|m 11
|o 006.31 BIS
|p 3010044262
|q 2025-09-15
|r 2025-08-10
|s 2025-08-10
|t 1
|v 6388.00
|w 2025-03-20
|y BK
|x Requisitioned by Sowmitra Das (Lecturer) for the course named- "Machine Learning (CSE 427)".
|
| 952 |
|
|
|0 0
|1 0
|2 ddc
|4 0
|6 006_310000000000000_BIS
|7 0
|9 77515
|a BRACUL
|b BRACUL
|c GEN
|d 2025-03-20
|e Book Finder International
|g 6388.00
|l 3
|m 22
|o 006.31 BIS
|p 3010044263
|q 2026-05-14
|r 2026-02-28
|s 2026-02-28
|t 2
|v 6388.00
|w 2025-03-20
|y BK
|x Requisitioned by Sowmitra Das (Lecturer) for the course named- "Machine Learning (CSE 427)".
|